Normal view MARC view
  • Van Maanen, John.

Entry Personal Name

Number of records used in: 1

001 - CONTROL NUMBER

  • control field: 29719

003 - CONTROL NUMBER IDENTIFIER

  • control field: NUST

005 - DATE AND TIME OF LATEST TRANSACTION

  • control field: 20200901160619.0

008 - FIXED-LENGTH DATA ELEMENTS

  • fixed length control field: 200901|| aca||aabn | a|a d

040 ## - CATALOGING SOURCE

  • Original cataloging agency: NUST
  • Transcribing agency: NUST

100 ## - HEADING--PERSONAL NAME

  • Personal name: Van Maanen, John.

670 ## - SOURCE DATA FOUND

  • Source citation: Work cat.: (NUST)0: Qualitative methodology /, c2014.
© 2023 Central Library, National University of Sciences and Technology. All Rights Reserved.